Normal view MARC view
  • Moffatt, David Halliday,

Entry Personal Name

Number of records used in: 3

001 - CONTROL NUMBER

  • control field: 7856

003 - CONTROL NUMBER IDENTIFIER

  • control field: NUST

005 - DATE AND TIME OF LATEST TRANSACTION

  • control field: 20171229100101.0

008 - FIXED-LENGTH DATA ELEMENTS

  • fixed length control field: 171229|| aca||aabn | a|a d

040 ## - CATALOGING SOURCE

  • Original cataloging agency: NUST
  • Transcribing agency: NUST

100 ## - HEADING--PERSONAL NAME

  • Personal name: Moffatt, David Halliday,
  • Dates associated with a name: 1839-1911. [from old catalog]

670 ## - SOURCE DATA FOUND

  • Source citation: Work cat.: (NUST)0: Boner, Harold A. 7855, The giant's ladder:, 1962
© 2023 Central Library, National University of Sciences and Technology. All Rights Reserved.